000 00312nam a22001457a 4500
008 231012b ||||| |||| 00| 0 eng d
020 _a9780415069601
041 _aeng
080 _a53
082 _a53HIL
100 _a23
101 _aMATEM
245 _aQUANTUM IMPLICATIONS
_cHILEY.J.R
942 _2udc
_cBK
999 _c60429
_d60429